LDR 00816naa#a2200157#i#450# 001 RU\\bibl\20189 005 20260702005433.4 100 ## _a20260630b2026####ek#y0rusy0150####ca 102 ## _aRU 200 1# _aИМИТАЦИОННАЯ МОДЕЛЬ РАБОТЫ ОТДЕЛА ВОЗВРАТОВ КРУПНОГО ИНТЕРНЕТ-МАГАЗИНА _eСтатья/тезисы конференции 210 1# _aВоронеж _cВоронежский государственный лесотехнический университет имени Г.Ф. Морозова _d2026 215 ## _a5 с. 608 ## _aСтатья/тезисы конференции _2local 675 ## _aПрикладные информационные (компьютерные) технологии. 004.9 _z 700 #1 _aКосых _gВ. Д. 856 4# _abibl.vgltu.ru _u